000 00408nam a2200181Ia 4500
001 2872
005 20260306144839.0
008 260306t2014||||xx |||||||||||||| ||spa||
041 _aESP
082 _a231
_bG67
100 _aGonzález Faus, José Ignacio
_eAUT
245 0 _a¿Dios?
260 _c2014
300 _a32 páginas :
_c20 cm.
650 _aGEN
654 _aCHU
942 _cLIB
_dJUS
_fJUS
_2ddc
_n
999 _c2872
_d2872